|
|
|
|
| LEADER |
00000cam a2200000 a 4500 |
| 001 |
vtls001220840 |
| 003 |
SK-MaSNL |
| 005 |
20260301234121.0 |
| 008 |
960412s1996 xo grj f00000 slo |
| 035 |
|
|
|a SNK000165828
|
| 040 |
|
|
|a SNK
|b slo
|c SNK
|e AACR2
|
| 041 |
0 |
|
|a slo
|
| 044 |
|
|
|a xo
|c SK
|
| 072 |
|
7 |
|a 621
|x Strojárstvo
|2 konspekt
|
| 080 |
|
|
|a (088.83)
|2 2001
|
| 100 |
1 |
|
|a Kopačka, Milan
|4 aut
|4 org
|4 pth
|9 421259
|
| 245 |
1 |
0 |
|a Plomba na istenie prepravných priestorov
|c Milan Kopačka, Milan Bako
|
| 260 |
|
|
|a Banská Bystrica
|b Úrad priemyselného vlastníctva SR
|c 1996
|
| 300 |
|
|
|a 6 strán
|c 8°
|
| 650 |
0 |
7 |
|a plomby
|2 SNKPH
|9 177369
|
| 650 |
0 |
7 |
|a istenie prepravných priestorov
|2 SNKPH
|9 629666
|
| 655 |
|
7 |
|a patenty
|2 SNKPH
|9 177343
|
| 700 |
1 |
|
|a Bako, Milan
|4 aut
|4 org
|4 pth
|9 421260
|
| 999 |
|
|
|c 968952
|d 970882
|
| 952 |
|
|
|t P60, <03>, [BOOK], {603}
|a SNK
|b SNK
|y PREZ
|7 0
|o snkSK 278305
|i snkPS 358/96
|0 0
|1 0
|4 0
|d 1996-09-23
|l 0
|r 2005-01-01 00:00:00
|w 2026-02-24
|